000 00287nam a2200121Ia 4500
005 20251222153618.0
008 251222s9999||||xx |||||||||||||| ||spa||
082 _a338.272.809.85/W55
100 _aWiener F., Raúl A.
245 0 _aLa Ventana Sucia:
250 _a1ra. ed.
942 _cLIB
999 _c31868
_d31868